|
|
|
|
| LEADER |
00000naa2a2200000 4500 |
| 001 |
103502 |
| 005 |
20251009085206.0 |
| 035 |
|
|
|a (RuTPU)RU\TPU\book\111593
|
| 090 |
|
|
|a 103502
|
| 100 |
|
|
|a 20061018d2006 k y0rusy50 ca
|
| 101 |
0 |
|
|a rus
|
| 102 |
|
|
|a RU
|
| 200 |
1 |
|
|a Мастер-класс как неотъемлемое условие подготовки специалистов в области социально-культурного сервиса и туризма
|f О. Т. Лойко
|
| 203 |
|
|
|a Текст
|b визуальный
|c непосредственный
|
| 283 |
|
|
|a volume
|2 RDAcarrier
|
| 320 |
|
|
|a Библиогр.: 2 назв
|
| 463 |
|
1 |
|0 (RuTPU)RU\TPU\book\108763
|y 5-98298-085-4
|t Инженерное образование и наука в мировом пространстве. GEER
|o сборник трудов Международной конференции, посвященной 110-летию основания Томского политехнического университета и 100-летию первого выпуска сибирских инженеров, 1-2 июня 2006 г., Томск
|f Томский политехнический университет ; под ред. В. А. Власова [и др.]
|v С. 208-211
|d 2006
|3 101032
|9 101032
|
| 610 |
1 |
|
|a подготовка специалистов
|
| 610 |
1 |
|
|a сервис
|
| 610 |
1 |
|
|a туризм
|
| 610 |
1 |
|
|a мастер-классы
|
| 610 |
1 |
|
|a высшее образование
|
| 610 |
1 |
|
|a кадры
|
| 610 |
1 |
|
|a труды учёных ТПУ
|
| 700 |
|
1 |
|a Лойко
|b О. Т.
|c специалист в области культурологии и социальной коммуникации
|c профессор Томского политехнического университета, доктор философских наук
|f 1949-
|g Ольга Тимофеевна
|3 (RuTPU)RU\TPU\pers\24646
|9 10910
|
| 801 |
|
1 |
|a RU
|b 63413507
|c 20061018
|g PSBO
|
| 801 |
|
2 |
|a RU
|b 63413507
|c 20111207
|g RCR
|
| 942 |
|
|
|c BK
|